Statistics for Every Aston Martin Car By Picture

Click here to take the quiz!

General Stats

  • This quiz has been taken 27 times
  • The average score is 16 of 52

Answer Stats

Answer% Correct
DB5
88%
Cygnet
76%
Valkyrie
76%
DB9
71%
DB11
65%
DB4
65%
DB6
65%
DBX
65%
Valhalla
65%
Vantage
65%
Vantage
65%
DB7
59%
Rapide
59%
Vanquish
59%
Vulcan
59%
V8
53%
One-77
47%
Vanquish
47%
DB7 Zagato
41%
V12 Speedster
41%
Vantage
35%
Victor
35%
DB2
29%
DB2/4
29%
DBS Superleggera
29%
V8 Vantage
29%
DBS
24%
Virage
24%
DB4 GT Zagato
18%
V8 Zagato
18%
Virage
18%
2 Litre
12%
2-Litre Sports
12%
Coal Scuttle
12%
V12 Zagato
12%
Bamford and Martin
6%
DB Mark III
6%
DBS V12
6%
Le Mans
6%
Series-1
6%
Series-2
6%
Vantage 007 Edition
6%
15/98
0%
2-Litre Speed Model
0%
DBS Superleggera 007 Edition
0%
International
0%
International Le Mans
0%
Mk II
0%
Series-3
0%
Short Chassis Volante
0%
Standard Sports
0%
Ulster
0%

Score Distribution

Percentile by Number Answered

Percent of People with Each Score

Your Score History

You have not taken this quiz